000 00631nam a22001937a 4500
005 20140808150935.0
010 _aENG-110253
020 _a9780198099444
_c450.00
020 _a0198099444
_c450.00
035 _aEN-93785
037 _bDBAD/PUB
082 _a882
100 _aTagore, Rabindranath
245 _aChirakumar sabha :
_bthe bachelors" club a comedy in five acts /
_ctranslated by Sukhendu Ray
260 _aNew Delhi
_bOxford University Press
_c2014
270 _aYMCA Library Building, 1 Jai Singh Road
_bNew Delhi
_e110001
300 _axxxii,217p.
_c22cm(pbk)
942 _2ddc
_cEN
_mTAG
_h882
999 _c85138
_d85138